Lun yu Kong zhu bian wei /
Saved in:
| Other Authors: | |
|---|---|
| Format: | Book |
| Language: | Chinese |
| Published: |
Taibei,
[Min guo 55 i.e. 1966]
|
| Series: | Wu qiu bei zhai Lun yu ji cheng ;
79. |
| Subjects: | |
| Tags: |
Add Tag
No Tags, Be the first to tag this record!
|
| LEADER | 01445cam a2200349ui 4500 | ||
|---|---|---|---|
| 001 | 007724402-8 | ||
| 005 | 20024617111505.0 | ||
| 008 | 960725s1966 ch 000 0 chi d | ||
| 035 | 0 | |a ocm35143677 | |
| 040 | |a PPiU |c PPiU |d *YNH* |d CStRLIN | ||
| 245 | 0 | 0 | |6 880-01 |a Lun yu Kong zhu bian wei / |c Yan Lingfeng bian ji. |
| 260 | |6 880-02 |a Taibei, |c [Min guo 55 i.e. 1966] | ||
| 300 | |a 1 v. (double leaves) in case. | ||
| 490 | 1 | |6 880-03 |a Wu qiu bei zhai Lun yu ji cheng ; |v 79 | |
| 500 | |6 880-04 |a (In Yan Lingfeng bian ji Wu qiu bei zhai Lun yu ji cheng v. 221) | ||
| 500 | |6 880-05 |a Facsimile reproduction of Gong shun tang cong shu ben. | ||
| 600 | 0 | 0 | |6 880-06 |a Confucius. |t Lun yu. |
| 600 | 0 | 0 | |6 880-07 |a Confucius. |t Lun yu |x Criticism, Textual. |
| 650 | 0 | |a Chinese classics. | |
| 700 | 1 | |6 880-08 |a Yan, Lingfeng, |d 1904- |e comp. | |
| 880 | 0 | 0 | |6 245-01 |a 論語孔注辨偽 / |c 嚴靈峯編輯. |
| 880 | |6 260-02 |a 台北, |c [民國55 i.e. 1966] | ||
| 880 | 1 | |6 490-03 |a 無求備齋論語集成 ; |v 79 | |
| 880 | |6 500-04 |a (In 嚴靈峯編輯 無求備齋論語集成 v. 221) | ||
| 880 | |6 500-05 |a Facsimile reproduction of 功順堂叢書本. | ||
| 880 | 0 | 0 | |6 600-06 |a Confucius. |t 論語. |
| 880 | 0 | 0 | |6 600-07 |a Confucius. |t 論語 |x Criticism, Textual. |
| 880 | 1 | |6 700-08 |a 嚴靈峯, |d 1904- |e comp. | |
| 830 | 0 | |6 880-53 |a Wu qiu bei zhai Lun yu ji cheng ; |v 79. | |
| 880 | 0 | |6 830-53 |a 無求備齋論語集成 ; |v 79. | |
| 988 | |a 20021109 | ||
| 906 | |0 OCLC | ||


